000 00629nam a2200229Ia 4500
003 OSt
005 20220923225522.0
006 a|||||r|||| 00| 0
007 ta
008 220922b |||||||| |||| 00| 0 pan d
024 _a270,287
037 _cTextual
040 _aARTS
_cARTS
_bpan
041 _2pan
_apan
082 _aa12-315, 153M5
100 _aਧਰਮ ਸਿੰਘ
245 0 _aਪੰਜਾਬੀ ਦੇ ਖੋਜ ਪਰਬੰਦ
260 _c1985
650 _aਪੰਜਾਬੀ ਸਾਹਿਤ
942 _ha12-315, 153M5
_cTEXL
_2CC
999 _c378791
_d378791